| 000 | 00520nam a2200205Ia 4500 | ||
|---|---|---|---|
| 008 | 220204s9999 xx 000 0 und d | ||
| 082 |
_a577.1 _bRAS.2 |
||
| 100 | _aRASTOGI, Subhash Chandra | ||
| 245 | 0 | _aChemistry of natural products. V2.(Organic) | |
| 260 |
_aMeerut _bJaiPrakashNath _c1974 |
||
| 505 | _aAn international student edition | ||
| 650 | _aChemotherapy | ||
| 650 | _aDyes | ||
| 650 | _aEnzyme | ||
| 650 | _aHormone | ||
| 650 | _aPigment | ||
| 650 | _aSteroid | ||
| 650 | _aVitamin | ||
| 942 | _cBK | ||
| 999 |
_c24660 _d24660 |
||